Normal view
MARC view
Entry Personal Name
001 - CONTROL NUMBER
- control field: 32276
003 - CONTROL NUMBER IDENTIFIER
- control field: OSt
005 - DATE AND TIME OF LATEST TRANSACTION
- control field: 20220810153509.0
008 - FIXED-LENGTH DATA ELEMENTS
- fixed length control field: 220810|| aca||aabn | a|a d
040 ## - CATALOGING SOURCE
- Original cataloging agency: OSt
- Transcribing agency: OSt
100 ## - HEADING--PERSONAL NAME
- Personal name: Dinerstein, Michael and Smith, Troy D.
670 ## - SOURCE DATA FOUND
- Source citation: Work cat.: (OSt)519278: Dinerstein, Michael and Smith, Troy D., Quantifying the supply response of private schools to public policies
